书目信息 |
| 题名: |
爱因斯坦传
|
|
| 作者: | 赫尔内克 , Herneck 著 ;杨大伟 著 | |
| 分册: | ||
| 出版信息: | 北京 科学普及出版社 1979 |
|
| 页数: | 96页 | |
| 开本: | 19cm | |
| 丛书名: | ||
| 单 册: | ||
| 中图分类: | K837.126.1 , K315.517 | |
| 科图分类: | ||
| 主题词: | 东亚--历史 | |
| 电子资源: | ||
| ISBN: | ||
| 000 | 00774nam0 2200277 45 | |
| 001 | 0179007222 | |
| 005 | 20040511082822.2 | |
| 010 | @dCNY0.24 | |
| 091 | @aCN@b13051.1019 | |
| 100 | @a19950725d1979 em y0chiy0121 ea | |
| 101 | 1 | @achi@cger |
| 102 | @aCN@b110000 | |
| 105 | @ay z 000yb | |
| 106 | @ar | |
| 200 | 10 | @a爱因斯坦传@Aai yin si tan zhuan@f(德)赫尔内克(F.Herneck)著@g杨大伟译 |
| 210 | @a北京@c科学普及出版社@d1979 | |
| 215 | @a96页@d19cm | |
| 600 | 1 | @a爱因斯坦@bA.@x传记 |
| 606 | 0 | @a东亚@x历史 |
| 690 | @aK837.126.1@v3 | |
| 690 | @aK315.517 | |
| 701 | 1 | @a赫尔内克@Ahe er nei ke@bF.@4著 |
| 701 | A1 | @aHerneck@bF.@4著 |
| 702 | 0 | @a杨大伟@Ayang da wei@4著 |
| 801 | 0 | @aCN@bNLC@c20040511 |
| 905 | @f2@b167895-896@f1@f1@b70035@b70047@dK315.517@e1 | |
| 爱因斯坦传/(德)赫尔内克(F.Herneck)著/杨大伟译.-北京:科学普及出版社,1979 |
| 96页;19cm |
| ISBN :CNY0.24 |
| ● |
| 相关链接 |
|
|
|
|
正题名:爱因斯坦传
索取号:K315.517/1
 
预约/预借
| 序号 | 登录号 | 条形码 | 馆藏地/架位号 | 状态 | 备注 |
| 1 | 0070035 | 001411537 | 第二借阅区/ [索取号:K315.517/1] | 在馆 | |
| 2 | 0070047 | 001411573 | 第二借阅区/ [索取号:K315.517/1] | 在馆 | |
| 3 | 0167895 | 001411458 | 第二借阅区/ [索取号:K315.517/1] | 在馆 | |
| 4 | 0167896 | 001411494 | 第二借阅区/ [索取号:K315.517/1] | 在馆 |